FNAF SB ANIMATRONICS - Statistiques

Statistiques générales
  • Ce quiz a été pris 73 fois
  • Le résultat moyen est 10 sur 16
Statistiques - réponses
Par images Réponse % Correct
Moon
93%
Sun
93%
Glamrock Freddy
91%
Glamrock Chica
90%
Roxy
81%
Vanny
81%
Monty
72%
Glamrock Bonnie
62%
Burntrap
60%
Dj Musicman
59%
The Mimic
50%
The Blob
43%
Ruined Chica
29%
Ruined Freddy
29%
Ruined Monty
29%
Ruined Roxy
29%
Aucun quiz correspondant
Distribution des résultats
% des personnes avec chaque résultat
Percentile par nombre de réponses
Votre historique - résultats
Vous n’avez pas pris ce quiz